Statistiques concernant Trouve les paroles - Marie - Johnny Hallyday

Cliquez ici pour prendre le quiz!

Statistiques générales

  • Ce quiz a été pris 172 fois
  • Le résultat moyen est 148 sur 197

Statistiques - réponses

Réponse% Correct
le
100%
m'a
100%
ma
100%
mal
100%
Marie
100%
sa
100%
si
100%
tout
100%
Tout
100%
Tu
100%
tu
100%
fait
99%
l'on
99%
me
99%
Oh
99%
que
99%
savais
99%
je
96%
Je
96%
pouvais
92%
tes
90%
à
88%
nus
88%
bras
87%
Dans
87%
dans
87%
de
82%
Et
81%
la
81%
reposer
78%
vais
78%
des
75%
mon
73%
73%
Pour
73%
pour
73%
ne
72%
Les
69%
moi
69%
jour
68%
dernière
67%
son
67%
mes
66%
sera
66%
chance
65%
J'ai
65%
plus
64%
Sans
64%
étais
63%
toute
63%
jamais
62%
peu
62%
Peu
62%
un
62%
journée
61%
innocence
60%
au
59%
ce
59%
vu
59%
disparais
58%
Il
58%
pareil
58%
Elle
57%
en
57%
mort
57%
savoir
57%
merveilles
56%
rien
56%
t'en
56%
cours
55%
fous
55%
vois
55%
d'horreurs
54%
grand
54%
désespérés
53%
fumée
53%
hommes
53%
lier
53%
prie
53%
simple
53%
sont
53%
appareil
52%
devenus
52%
ombres
52%
efforts
51%
retrouver
51%
danse
50%
Malgré
50%
s'entretuer
50%
oublier
49%
bruit
48%
Demain
48%
faire
48%
signe
48%
donnerais
47%
Évanouie
46%
promis
46%
bravoure
45%
faudra
45%
preuve
45%
vacances
45%
front
44%
première
43%
ligne
42%
monter
42%
Oui
41%
ciel
40%
fais-moi
39%
viennes
36%
j'attendrai
34%
qu'au
33%
m'éveille
26%
Allongé
25%
l'herbe
23%

Distribution des résultats

Percentile par nombre de réponses

% des personnes avec chaque résultat

Votre développement - résultats

Vous n’avez pas pris ce quiz